000 00273nam a22001097a 4500
999 _c13952
_d13952
082 _a621.31GUP
100 _aGupta M L
245 _aWorkshop Practice in Electrical Engineering
260 _aNew Delhi
_bMatropolitan Books Co Ltd.
_c1984
300 _aXVI,373P
942 _cBK